000 00536pab a2200193 454500
008 180718b2014 xxu||||| |||| 00| 0 eng d
100 _aPrakash, D'Souza Alwyn
245 _aState of public health: A case study of Raichur district in Karnataka
260 _c2014
300 _ap.408-419.
362 _aOct-Dec
650 _aPublic health - India - Karnataka
650 _aHealth services - Karnataka
650 _aHealth services
700 _aLeelavathi, D.S.
773 _aSocial Action
908 _aN
909 _a106024
999 _c106019
_d106019